000 00803nam a2200205 a 4500
001 000048118
005 20240305121802.0
008 181115s2016 dr a r 000 0 spa d
020 _z9789925600018
040 _aDO-SdBNP
_bspa
_cBNPHU
082 _axxxx
_bA958c
100 1 _aÁvila, Lucivel
_974506
245 1 0 _aCamino al poder :
_bdiscurso de Danilo Medina, elecciones 2012 /
_cLucivel Ávila; prólogo Julio César Valentín Jiminián.
260 _aSanto Domingo :
_bSantuario,
_c2016.
300 _a327 p. :
_bil., ;
_c23 cm.
500 _aIncluye referencias bibliográficas y notas al pie de las paginas
500 _aIncluye datos biográficos de la autora en la solapa de la cubierta
590 _aInventariado, 2018/MFF
700 1 _aValentín Jiminían, Julio César,
_d1966-
_epról.
_915248
999 _c47606
_d47606